| 000 | 00549nam a2200181 4500 | ||
|---|---|---|---|
| 082 |
_a669.02462 _bVIV _c17, P-26 |
||
| 100 | 1 |
_aVivian, Archibald Comley. _944925 |
|
| 245 | 1 | 0 |
_aEssential metallurgy for engineers, _bthe causes and the control of metallic properties. |
| 250 | _a3d ed. | ||
| 260 |
_aLondon, _bPitman, _c1948. |
||
| 300 | _a180 p. | ||
| 500 | _aFirst published in 1942. | ||
| 526 |
_a0 _b0 _c0 _d669_024620000000000_VIV |
||
| 650 | 0 |
_aMCE _9379 |
|
| 650 | 0 |
_aMetallography. _944882 |
|
| 650 | 0 |
_aMetallurgy. _925466 |
|
| 942 |
_2ddc _cBK |
||
| 999 |
_c548579 _d548579 |
||